000 01229nam a22002417a 4500
003 NALT
005 20251125232812.0
008 s2536 th tha d
040 _aNALT
041 _atha
050 _aJQ1745.A1 ส192ผ
100 0 _aสนธิ เตชานันท์
245 1 0 _aแผนพัฒนาการปกครองระบอบประชาธิปไตย ในพระบาทสมเด็จพระปกเกล้าเจ้าอยู่หัว [2536]
260 3 _a[กรุงเทพฯ] :
_bสำนักงานเลขาธิการวุฒิสภา,
_c2536
300 _a23 หน้า
600 0 4 _910802
_aปกเกล้าเจ้าอยู่หัว,
_cพระบาทสมเด็จพระ,
_d2436-2484
650 0 4 _aประชาธิปไตย -- ไทย
650 0 4 _aไทย -- การเมืองและการปกครอง -- กรุงรัตนโกสินทร์, รัชกาลที่ 7
850 _aNALT
856 4 0 _uhttps://hdl.handle.net/20.500.14156/336558
942 _cGB
_2lcc
999 _c7158
_d7158
998 _j109
_k อารีรัตน์ วิชาช่าง